000 00348nam a2200145Ia 4500
008 230917s9999||||xx |||||||||||||| ||und||
040 _e47979
_aMAIN
041 _aEnglish
082 _a822.33 S15H:S
100 _aHumphreys, A R
245 0 _aShakespeare: Richard II
260 _aLondon
_bEdward Arnold
_c1976
300 _a64 p.
942 _cBK
999 _c196879
_d196879